000 00701nas a2200241 i 4500
001 2028
003 ES-MaACL
005 20250812062555.0
007 t|
008 950801d18971937fr | | 1 ||re d
080 _a460
245 0 3 _aLa Revue de l'art ancien et moderne.
260 _aParis :
_bImp. Georges Petit,
_c1897-1937 (
_fGauthier Villars)
300 _a32 v. :
_bgrab ;
_c30 cm.
310 _aMensual
362 0 _aAño I, t. I (1897)-(1937)
500 _aNo se publicó de ago. de 1914 a ago. de 1919.
650 1 7 _aArte
_2embne
_910068
700 1 _aDezarrois, André.
_944059
852 _aES-MaACL
_jHem-112
866 0 _o1913-14.1919-34(1935f.n.362y364).
999 _c2028
_d2028